000 00564nam a22001697a 4500
005 20251108175519.0
008 250721s2014 xx 000 0 ara d
082 1 4 _a‚418.022/مسع
100 1 _aالمسعودي، حميد حسون بجية
245 1 0 _aفي الترجمة من الإنجليزية الى العربية /
264 1 _aعمان :
_bدار الرضوان للنشر والتوزيع،
_c2014.
300 _a‚336 ص.
650 1 7 _a‚الترجمة
650 1 7 _a‚اللغة العربية L
942 _2ddc
_cBK
999 _c135911
_d135911